[Event "Polanica Zdroj op-B 58th"]
[Site "Polanica Zdroj"]
[Date "2022.08.14"]
[Round "2"]
[White "Trusz, Julia"]
[Black "Twardowski, Hubert"]
[Result "1-0"]
[WhiteElo "1706"]
[BlackElo "1849"]
[PlyCount "121"]
[EventDate "2022.08.13"]
[EventType "swiss"]
[EventRounds "9"]
[EventCountry "POL"]
[SourceTitle "CBM 210 Extra"]
[Source "ChessBase"]
[SourceDate "2022.11.30"]
[SourceVersion "1"]
[SourceVersionDate "2022.11.30"]
[SourceQuality "1"]

1. d4 Nf6 2. c4 e6 3. g3 c5 4. Nf3 cxd4 5. Nxd4 d5 6. Bg2 e5 7. Nf3 d4 8. 0-0 Nc6 9. e3 Be7 10. exd4 exd4 11. Bf4 Be6 12. Nbd2 0-0 13. Qb3 Rc8 14. Qd3 Qb6 15. Ng5 Nb4 16. Qb3 Bf5 17. a3 Bc2 18. Qf3 Nc6 19. b4 h6 20. Nge4 Nxe4 21. Nxe4 g5 22. c5 Qd8 23. Bd6 Bxe4 24. Qxe4 Bxd6 25. cxd6 Qxd6 26. b5 Rfe8 27. Qf5 Ne7 28. Qe4 Nc6 29. Qf5 Na5 30. Be4 Qe5 31. Qh7+ Kf8 32. Qxh6+ Qg7 33. Qd6+ Kg8 34. Rfe1 Nc4 35. Qb4 b6 36. Bf5 Ne5 37. Kg2 Rcd8 38. Rad1 Qf6 39. Be4 g4 40. Qb3 d3 41. Re3 Qh6 42. Qc3 Nf3 43. h4 d2 44. Qc7 Rc8 45. Qd7 Ne5 46. Qf5 Rcd8 47. Bc2 Ng6 48. Rxe8+ Rxe8 49. Qxg4 Re5 50. Bxg6 Qxg6 51. Qxg6+ fxg6 52. Rxd2 Rxb5 53. Rd8+ Kf7 54. Rd7+ Kf6 55. Rxa7 Rb2 56. g4 b5 57. Ra6+ Kf7 58. Kg3 Ra2 59. Ra5 Rb2 60. f3 Rb1 61. Kf4 1-0

[Event "Poznan op 28th"]
[Site "Poznan"]
[Date "2021.08.15"]
[Round "2"]
[White "Twardowski, Hubert"]
[Black "Jagodzinski, Olaf"]
[Result "0-1"]
[WhiteElo "1877"]
[BlackElo "1519"]
[PlyCount "109"]
[EventDate "2021.08.15"]
[EventType "swiss"]
[EventRounds "9"]
[EventCountry "POL"]
[SourceTitle "CBM 203 Extra"]
[Source "ChessBase"]
[SourceDate "2021.09.30"]
[SourceVersion "1"]
[SourceVersionDate "2021.09.30"]
[SourceQuality "1"]

1. e4 c5 2. Nf3 e6 3. d4 cxd4 4. Nxd4 Nf6 5. Bd3 d6 6. Nc3 Be7 7. 0-0 0-0 8. Kh1 Nc6 9. Nb3 a6 10. f4 Qc7 11. a4 b6 12. Qf3 Bb7 13. Be3 Nd7 14. Qh3 Nb4 15. f5 e5 16. Rad1 Rad8 17. Qg3 Kh8 18. Bg1 Nf6 19. Qe3 Nd7 20. Rd2 h6 21. Rdd1 Bg5 22. Qe2 Nf6 23. Nd2 d5 24. Nf3 dxe4 25. Nxe4 Nxd3 26. cxd3 Nxe4 27. dxe4 Bf6 28. Rc1 Qd6 29. Rfe1 Rc8 30. Rcd1 Qc6 31. b3 Rfd8 32. Rd3 a5 33. Rxd8+ Rxd8 34. Qe3 b5 35. Rc1 Qxe4 36. Qxe4 Bxe4 37. axb5 Rb8 38. b6 Bxf5 39. Rc7 Be6 40. Nd2 Bd8 41. Rc6 Kh7 42. Nc4 Bxc4 43. bxc4 Be7 44. Rc7 Bd8 45. Rc6 Be7 46. Be3 a4 47. Bc1 a3 48. c5 a2 49. Bb2 Bxc5 50. Bxe5 Rxb6 51. Rxb6 Bxb6 52. g3 Kg6 53. Kg2 Kf5 54. Bb2 Bc7 55. Kf2 0-1

[Event "Lisbon Portugal op"]
[Site "Lisbon"]
[Date "2020.01.25"]
[Round "1"]
[White "Twardowski, Hubert"]
[Black "Indjic, Aleksandar"]
[Result "0-1"]
[WhiteElo "1875"]
[BlackElo "2622"]
[PlyCount "84"]
[EventDate "2020.01.25"]
[EventType "swiss"]
[EventRounds "9"]
[EventCountry "POR"]
[SourceTitle "CBM 194"]
[Source "ChessBase"]
[SourceDate "2020.01.27"]
[SourceVersion "1"]
[SourceVersionDate "2020.01.27"]
[SourceQuality "1"]

1. e4 c5 2. Nf3 a6 3. d4 cxd4 4. Nxd4 e5 5. Nb3 Nf6 6. Bg5 Bb4+ 7. c3 Be7 8. Bxf6 Bxf6 9. Na3 d6 10. Nc4 Be7 11. Ne3 0-0 12. Bc4 Nd7 13. 0-0 Nf6 14. Nd2 b5 15. Bb3 Rb8 16. Re1 Kh8 17. Qf3 g6 18. Ndf1 a5 19. a3 Bb7 20. Ng3 h5 21. Nd5 Nxd5 22. Bxd5 Bxd5 23. exd5 h4 24. Nf1 f5 25. Ne3 Kg7 26. h3 Bg5 27. b4 a4 28. c4 bxc4 29. Nxc4 Qc7 30. Na5 e4 31. Qd1 Rbe8 32. Kh1 Kh6 33. Ra2 Qf7 34. Rae2 Re5 35. Qxa4 Rxd5 36. Qc6 Rd3 37. Nb7 Bf4 38. a4 Rb8 39. Na5 Rxb4 40. Rc2 Qd5 41. Qc7 Rb1 42. Rcc1 Rxc1 0-1

[Event "POL-chT U20 2nd League"]
[Site "Sypniewo"]
[Date "2020.??.??"]
[Round "8.18"]
[White "Zerebiec, Maurycy"]
[Black "Twardowski, Hubert"]
[Result "1/2-1/2"]
[WhiteElo "1917"]
[BlackElo "1912"]
[PlyCount "71"]
[EventDate "2020.10.23"]
[EventType "team-swiss"]
[EventRounds "9"]
[EventCountry "POL"]
[SourceTitle "CBM 199 Extra"]
[Source "ChessBase"]
[SourceDate "2021.01.31"]
[SourceVersion "1"]
[SourceVersionDate "2021.01.31"]
[SourceQuality "1"]

1. f4 d5 2. Nf3 c5 3. e3 Nf6 4. d4 Nc6 5. c3 Bf5 6. Bd3 Ne4 7. 0-0 e6 8. Qe2 Be7 9. Nbd2 Nxd2 10. Bxd2 Bxd3 11. Qxd3 c4 12. Qc2 f5 13. b3 b5 14. bxc4 bxc4 15. Qa4 Qd7 16. Rfb1 0-0 17. Rb2 Rfb8 18. Rab1 Rxb2 19. Rxb2 Bd6 20. Bc1 Rb8 21. Kf2 Rxb2+ 22. Bxb2 Ne5 23. Qxd7 Nxd7 24. Ke2 h6 25. h3 Kf7 26. Nd2 Nb6 27. Kd1 Ke7 28. Kc2 Kd7 29. Nb1 Kc6 30. Ba3 Bxa3 31. Nxa3 a6 32. Nb1 Nd7 33. Nd2 Nf6 34. Nf3 Ne4 35. Ne5+ Kd6 36. Nf7+ 1/2-1/2

[Event "Gorzow Wielkopolski Lasker Memor-B 2nd"]
[Site "Gorzow Wielkopolski"]
[Date "2018.07.05"]
[Round "5.3"]
[White "Gabka, Pawel"]
[Black "Twardowski, Hubert"]
[Result "0-1"]
[WhiteElo "1989"]
[BlackElo "1728"]
[PlyCount "104"]
[EventDate "2018.07.02"]
[EventType "swiss"]
[EventRounds "7"]
[EventCountry "POL"]
[SourceTitle "EXT 2023"]
[Source "ChessBase"]
[SourceDate "2022.10.05"]
[SourceVersion "1"]
[SourceVersionDate "2022.10.05"]
[SourceQuality "1"]

1. d4 Nf6 2. c4 c5 3. Nf3 e6 4. g3 g6 5. Bg2 cxd4 6. 0-0 Nc6 7. Nxd4 Bg7 8. Nc3 0-0 9. Ndb5 a6 10. Nd6 Ne8 11. Nce4 Nc7 12. Rb1 f5 13. Bg5 Ne7 14. Nc5 h6 15. Bxb7 hxg5 16. Bxa8 Nxa8 17. b4 Qc7 18. Qd2 f4 19. Rfc1 Nf5 20. Nxc8 Rxc8 21. Qxd7 Qxd7 22. Nxd7 Nd4 23. Kf1 f3 24. e3 Ne2 25. Rc2 Nc3 26. Rbc1 Rxc4 27. a3 Nc7 28. Nc5 a5 29. Ke1 axb4 30. axb4 Kf7 31. Na4 N7b5 32. Nxc3 Bxc3+ 33. Kd1 Rc7 34. Ra2 Rd7+ 35. Kc2 Rd2+ 36. Kb3 Rxa2 37. Kxa2 Bxb4 38. Kb3 Be7 39. g4 Nd6 40. Kc2 Ne4 41. Rf1 Kf6 42. h3 Ke5 43. Kd3 Kd5 44. Kc2 Kc4 45. Rd1 Bc5 46. Rd8 Nxf2 47. Kd2 Nxh3 48. Ke1 Bxe3 49. Rf8 Nf4 50. Rf7 Kd4 51. Ra7 Ke4 52. Kf1 Bxa7 0-1

[Event "Rubinstein Memorial-C 53rd"]
[Site "Polanica Zdroj"]
[Date "2017.08.25"]
[Round "7"]
[White "Cichocki, Konrad"]
[Black "Twardowski, Hubert"]
[Result "1/2-1/2"]
[WhiteElo "1857"]
[BlackElo "1608"]
[PlyCount "105"]
[EventDate "2017.08.19"]
[EventType "swiss"]
[EventRounds "9"]
[EventCountry "POL"]
[SourceTitle "CBM 180 Extra"]
[Source "ChessBase"]
[SourceDate "2017.10.06"]
[SourceVersion "1"]
[SourceVersionDate "2017.10.06"]
[SourceQuality "1"]

1. c4 Nf6 2. Nc3 e5 3. Nf3 Nc6 4. g3 h6 5. d3 d5 6. cxd5 Nxd5 7. Bg2 Be6 8. 0-0 Be7 9. d4 exd4 10. Nxd4 Nxd4 11. Qxd4 Nxc3 12. Qxc3 c6 13. Bf4 0-0 14. Rfd1 Qb6 15. Be5 Bb4 16. Qf3 Rad8 17. a3 Bc5 18. b4 Bd4 19. Bxd4 Rxd4 20. e3 Bg4 21. Rxd4 Bxf3 22. Bxf3 Rd8 23. Rxd8+ Qxd8 24. Rd1 Qe7 25. Rd4 Qf6 26. Kg2 b6 27. Rc4 Qb2 28. Bxc6 Qxa3 29. Bd5 g5 30. Rc7 Qxb4 31. Rxa7 Qc5 32. e4 Qd4 33. Bxf7+ Kf8 34. Bd5 g4 35. Rf7+ Ke8 36. Rf4 Qd1 37. Be6 b5 38. Bxg4 Qd4 39. Be6 b4 40. Bd5 Ke7 41. Rf3 Qe5 42. Rd3 Qb2 43. e5 Qe2 44. Re3 Qd2 45. Bb3 Qb2 46. g4 Qd4 47. Kg3 Qd2 48. h4 Qc1 49. Kg2 Qc6+ 50. Rf3 Qe4 51. e6 Qxg4+ 52. Rg3 Qe4+ 53. Kf1 1/2-1/2

[Event "POL Olympiad U12"]
[Site "Spala"]
[Date "2014.12.30"]
[Round "2.15"]
[White "Twardowski, Hubert"]
[Black "Psyk, Radoslaw"]
[Result "1/2-1/2"]
[WhiteElo "1450"]
[BlackElo "1845"]
[PlyCount "80"]
[EventDate "2014.04.06"]
[EventType "swiss"]
[EventRounds "9"]
[EventCountry "POL"]
[SourceTitle "EXT 2023"]
[Source "ChessBase"]
[SourceDate "2022.10.05"]
[SourceVersion "1"]
[SourceVersionDate "2022.10.05"]
[SourceQuality "1"]

1. e4 e6 2. d4 d5 3. Nd2 dxe4 4. Nxe4 Nd7 5. Nf3 Ngf6 6. Bd3 c5 7. Nxf6+ Nxf6 8. dxc5 Bxc5 9. Bg5 0-0 10. 0-0 h6 11. Bh4 Be7 12. Qe2 Nd5 13. Bg3 f5 14. Be5 Bf6 15. Rad1 Qe8 16. Bxf6 Rxf6 17. Qe5 Ne7 18. Bb5 Qf8 19. c4 Ng6 20. Qc7 Rf7 21. Qd8 e5 22. Be8 Rf6 23. Bxg6 Rxg6 24. Qxf8+ Kxf8 25. Nxe5 Re6 26. f4 g5 27. g3 gxf4 28. gxf4 b6 29. Rd8+ Re8 30. Ng6+ Kf7 31. Ne5+ Kf8 32. Ng6+ Kf7 33. Ne5+ Kf8 34. Ng6+ Kf7 35. Ne5+ Kf8 36. Ng6+ Kf7 37. Ne5+ Kf8 38. Ng6+ Kf7 39. Ne5+ Kf8 40. Ng6+ Kf7 1/2-1/2

[Event "POL Olympiad U14"]
[Site "Walbrzych"]
[Date "2013.??.??"]
[Round "5.12"]
[White "Twardowski, Hubert"]
[Black "Poplawski, Maciej"]
[Result "0-1"]
[WhiteElo "1353"]
[BlackElo "1605"]
[PlyCount "94"]
[EventDate "2013.04.??"]
[EventType "team-swiss"]
[EventRounds "9"]
[EventCountry "POL"]
[SourceTitle "EXT 2014"]
[Source "ChessBase"]
[SourceDate "2013.11.20"]
[SourceVersion "1"]
[SourceVersionDate "2013.11.20"]
[SourceQuality "1"]

1. e4 e6 2. d4 d5 3. Nc3 dxe4 4. Nxe4 Nd7 5. Nf3 Ngf6 6. Nxf6+ Nxf6 7. Bd3 Be7 8. 0-0 0-0 9. Bg5 b6 10. Bxf6 Bxf6 11. Be4 Rb8 12. Ne5 Bxe5 13. dxe5 Ba6 14. Re1 Qg5 15. Qf3 Rbd8 16. c4 Bxc4 17. Bxh7+ Kxh7 18. Qe4+ Qf5 19. Qh4+ Kg8 20. Qxc4 Rd2 21. Re2 Rxe2 22. Qxe2 Rd8 23. Rc1 Rd5 24. Re1 Qf4 25. g3 Qb4 26. Rd1 c6 27. a3 Qb3 28. Rd2 Qa4 29. Kg2 Qa5 30. Rxd5 cxd5 31. Qd3 Qc5 32. b4 Qc6 33. Qd4 a5 34. f4 Qc2+ 35. Kf3 Qb3+ 36. Kg4 axb4 37. Qxb6 Qd1+ 38. Kg5 bxa3 39. Qb8+ Kh7 40. Qe8 Qc2 41. Qxf7 Qf5+ 42. Qxf5+ exf5 43. e6 a2 44. e7 a1Q 45. e8N d4 46. Kxf5 d3 47. g4 d2 0-1